UM Logo

Strategies for effective teaching / (Record no. 6991)

MARC details
000 -LEADER
fixed length control field 00637nam a22001937a 4500
008 - FIXED-LENGTH DATA ELEMENTS--GENERAL INFORMATION
fixed length control field 170712b xxu||||| |||| 00| 0 eng d
020 ## - INTERNATIONAL STANDARD BOOK NUMBER
International Standard Book Number 971-08-4956-5
082 ## - DEWEY DECIMAL CLASSIFICATION NUMBER
Edition number 1990
Classification number DC 371.102
Item number Or6
100 ## - MAIN ENTRY--PERSONAL NAME
9 (RLIN) 21136
Personal name Ornstein, Allan C
245 ## - TITLE STATEMENT
Title Strategies for effective teaching /
Statement of responsibility, etc. Allan C. Ornstein
260 ## - PUBLICATION, DISTRIBUTION, ETC. (IMPRINT)
Place of publication, distribution, etc. New York :
Name of publisher, distributor, etc. Harper & Row,
Date of publication, distribution, etc. c1990
300 ## - PHYSICAL DESCRIPTION
Extent xxii, 634 pages :
Other physical details illustrations ;
Dimensions 23 cm
500 ## - GENERAL NOTE
General note Includes bibliographical references.
650 #0 - SUBJECT ADDED ENTRY--TOPICAL TERM
9 (RLIN) 21137
Topical term or geographic name as entry element Teaching
650 #0 - SUBJECT ADDED ENTRY--TOPICAL TERM
9 (RLIN) 21138
Topical term or geographic name as entry element Classroom management
650 #0 - SUBJECT ADDED ENTRY--TOPICAL TERM
9 (RLIN) 21139
Topical term or geographic name as entry element Lesson planning
650 #0 - SUBJECT ADDED ENTRY--TOPICAL TERM
9 (RLIN) 21140
Topical term or geographic name as entry element Teachers -- Training of
942 ## - ADDED ENTRY ELEMENTS (KOHA)
Source of classification or shelving scheme Dewey Decimal Classification
Koha item type Circulation
Holdings
Withdrawn status Lost status Source of classification or shelving scheme Damaged status Not for loan Collection code Home library Current library Shelving location Date acquired Source of acquisition Total Checkouts Full call number Barcode Date last seen Date last checked out Copy number Price effective from Koha item type
    Dewey Decimal Classification     Circulation UM Digos College - LIC UM Digos College - LIC Book Cart 02/18/2004 Purchased 20 DC 371.102 Or6 1990 16745 05/15/2025 10/27/2022 3 07/12/2017 Circulation
    Dewey Decimal Classification     Circulation UM Digos College - LIC UM Digos College - LIC Book Cart 02/18/2004 Purchased 22 DC 371.102 Or6 1990 16746 04/14/2025 07/02/2019 4 07/12/2017 Circulation
    Dewey Decimal Classification     Circulation UM Digos College - LIC UM Digos College - LIC Book Cart 02/18/2004 Purchased 9 DC 371.102 Or6 1990 16535 04/14/2025 04/27/2019   07/12/2017 Circulation